000 00589nam a2200181 i 4500
001 99706
003 ES-MaACL
005 20250830035357.0
007 t|
008 050915s1969 sp ||||1| spa d
100 1 _aMartínez Albiach, Alfredo.
_977832
245 1 0 _aReligiosidad hispana y sociedad borbónica /
_cAlfredo Martínez Albiach.
260 _aBurgos :
_bFacultad Teológica del Norte de España,
_c1969.
300 _aVIII, 675 p. ;
_c25 cm.
710 2 _aFacultad de Teología del Norte de España
_94072
852 _aES-MaACL
_jC-27598
_bR.70397
999 _c99706
_d99706